01149nam a2200193Ia 4500001001000000003001000010008004100020040002500061041001300086100002800099245005100127250001100178260009200189300001200281500026200293501011400555520026200669650002400931L230-5633IT-CnALBA170116s9999||||xx |||||||||||||| ||und|| aIT-CnALBAcIT-CnALBA aITALIANO aFABRO P. CORNELIO, CSS. 0aPROBLEMI E ORIENTAMENTI DI TEOLOGIA DOGMATICA  a1a ed. a MILANO - COMObMARZORATI CARLO EDITORE c1957 [1° Ed.:1957 - Ed.Ling.Originale: 1957] a960 p.  aPRESENTAZIONE DI MONTINI. DI CARLO COLOMBO: METODOLOGIA E SISTEMAZIONE TEOLOGICA. A CURA DELLA FACOLTÀ TEOLOGICA DI MILANO. TEOLOGIA FONDAMENTALE E METODO APOLOGETICO DI GABOARDI A. IL MIRACOLO DI MARCOZZI V. LA CHIESA E IL MONDO ATTUALE DI STIRNIMANN. IS aSocietà San Paolo EM - Piazza San Paolo, 14 - 12051 ALBA (CN) (non commercial uses only) ® Copyright 2017 aPRESENTAZIONE DI MONTINI. DI CARLO COLOMBO: METODOLOGIA E SISTEMAZIONE TEOLOGICA. A CURA DELLA FACOLTÀ TEOLOGICA DI MILANO. TEOLOGIA FONDAMENTALE E METODO APOLOGETICO DI GABOARDI A. IL MIRACOLO DI MARCOZZI V. LA CHIESA E IL MONDO ATTUALE DI STIRNIMANN. IS aDOGMATICA CRISTIANA